Govt. of
Madhya Pradesh

The Indian Evidence Act 1999 (Record no. 31947)

MARC details
000 -LEADER
fixed length control field 003170000a22001450004500
003 - CONTROL NUMBER IDENTIFIER
control field MACL
040 ## - CATALOGING SOURCE
Original cataloging agency MACL
090 ## - LOCALLY ASSIGNED LC-TYPE CALL NUMBER (OCLC); LOCAL CALL NUMBER (RLIN)
-- 32276
-- 32274
100 ## - MAIN ENTRY--PERSONAL NAME
Personal name Jhabvala, Noshirvan H.
245 ## - TITLE STATEMENT
Title The Indian Evidence Act 1999
260 ## - PUBLICATION, DISTRIBUTION, ETC. (IMPRINT)
Name of publisher, distributor, etc. C. jamnadas & Co
350 ## - PRICE (NR) (BK AM CF MU VM SE) [OBSOLETE]
Price 125
650 ## - SUBJECT ADDED ENTRY--TOPICAL TERM
Topical term or geographic name as entry element Crimnal law
942 ## - ADDED ENTRY ELEMENTS (KOHA)
Koha item type Library Membar
Call number prefix 345/Jha
Holdings
Withdrawn status Lost status Damaged status Not for loan Home library Current library Date acquired Total Checkouts Full call number Barcode Date last seen Uniform Resource Identifier Price effective from Koha item type
        MACL MACL 15/04/2015   345/Jha BOOK CLC4015 29/04/2015 32001 15/04/2015 Books